000 00356pab a2200145 454500
008 180718b2017 xxu||||| |||| 00| 0 eng d
100 _aAlok Prasanna Kumar
245 _aLegitimacy of jJudicial review
260 _c2017
300 _ap.10-11.
362 _a18 Feb
650 _aJudiciary
773 _aEconomic and Political Weekly
909 _a113808
999 _c113802
_d113802